Statistiken für Substantive in Grönemeyers "Bochum"

Klicken Sie hier um das Quiz zu spielen!

Allgemein

  • Dieses Quiz wurde 142 mal gespielt
  • Das Durchschnittsergebnis liegt bei 18 aus 27

Antwortstatistiken

Wörter% Korrekt
Bochum
95%
Düsseldorf
80%
Königsallee
78%
Modenschauen
73%
Arbeit
71%
Schönheit
71%
Stahl
71%
Sonne
70%
Gegner
68%
Glück
68%
Schminke
68%
Westen
68%
Doppelpass
67%
Weltstadt
66%
Geld
65%
Herz
65%
Revier
65%
Grubengold
64%
Haut
62%
Pulsschlag
62%
Blume
58%
Nacht
58%
Schrebergarten
53%
Laube
52%
Tauben
52%
Koks
51%
Himmelbett
47%

Verteilung der Resultate

Perzentil nach korrekt beantworteten Fragen

Anzahl Personen mit jedem Resultat

Ihre Resultats-Entwicklung

Sie haben dieses Quiz noch nicht gespielt